Classical research papers in plant physiology from India
محفوظ في:
| التنسيق: | كتاب |
|---|---|
| اللغة: | Undetermined |
| منشور في: |
New Delhi
International Congress of plant Physiology
1988
|
| الموضوعات: | |
| الوسوم: |
إضافة وسم
لا توجد وسوم, كن أول من يضع وسما على هذه التسجيلة!
|
| Thư viện lưu trữ: | Trung tâm Học liệu Trường Đại học Cần Thơ |
|---|
| LEADER | 00474nam a2200157Ia 4500 | ||
|---|---|---|---|
| 001 | CTU_29970 | ||
| 008 | 210402s9999 xx 000 0 und d | ||
| 082 | |a 581.1 | ||
| 082 | |b S617 | ||
| 245 | 0 | |a Classical research papers in plant physiology from India | |
| 260 | |a New Delhi | ||
| 260 | |b International Congress of plant Physiology | ||
| 260 | |c 1988 | ||
| 650 | |a physiology of plants | ||
| 904 | |i Liên, 990121 | ||
| 980 | |a Trung tâm Học liệu Trường Đại học Cần Thơ | ||